<?xml version="1.0" encoding="UTF-8"?>
<record
    xmlns:xsi="http://www.w3.org/2001/XMLSchema-instance"
    xsi:schemaLocation="http://www.loc.gov/MARC21/slim http://www.loc.gov/standards/marcxml/schema/MARC21slim.xsd"
    xmlns="http://www.loc.gov/MARC21/slim">

  <leader>01064nam a22002177a 4500</leader>
  <datafield tag="999" ind1=" " ind2=" ">
    <subfield code="c">1763</subfield>
    <subfield code="d">1763</subfield>
  </datafield>
  <controlfield tag="003">AR-CdUCM</controlfield>
  <controlfield tag="008">190227b           ||||| |||| 00| 0 spa d</controlfield>
  <datafield tag="040" ind1=" " ind2=" ">
    <subfield code="a">MUNICIPALIDAD PROVINCIAL DEL CUSCO</subfield>
    <subfield code="c">BIBLIOTECA MUNICIPAL DEL CUSCO</subfield>
  </datafield>
  <datafield tag="082" ind1=" " ind2=" ">
    <subfield code="a">985.072 /</subfield>
    <subfield code="b">G92</subfield>
  </datafield>
  <datafield tag="100" ind1=" " ind2=" ">
    <subfield code="a">Guill&#xE9;n Marroqu&#xED;n, Jes&#xFA;s</subfield>
  </datafield>
  <datafield tag="245" ind1=" " ind2=" ">
    <subfield code="a">La econom&#xED;a agraria del Cusco :</subfield>
    <subfield code="b">1900-1980 /</subfield>
  </datafield>
  <datafield tag="260" ind1=" " ind2=" ">
    <subfield code="a">Cusco :</subfield>
    <subfield code="b">Centro Bartolome de las Casas,</subfield>
    <subfield code="c">1989.</subfield>
  </datafield>
  <datafield tag="300" ind1=" " ind2=" ">
    <subfield code="a">XIV , 415 p&#xE1;ginas ;</subfield>
    <subfield code="b">Cuadros, Gr&#xE1;ficos</subfield>
    <subfield code="c">21 cm.</subfield>
  </datafield>
  <datafield tag="440" ind1=" " ind2=" ">
    <subfield code="a">Debates andinos.</subfield>
    <subfield code="n">16</subfield>
    <subfield code="9">6477</subfield>
  </datafield>
  <datafield tag="505" ind1=" " ind2=" ">
    <subfield code="a">Contenido: La agricultura Cusque&#xF1;a antes de la primera guerra mundial -- La agricultura Cusque&#xF1;a durante la primera guerra mundial -- Balance de la agricultura Cusque&#xF1;a entre 1900-1933 -- La agricultura Cusque&#xF1;a entre 1933 y despu&#xE9;s de la segunda guerra mundial -- La evoluci&#xF3;n de la agricultura Cusque&#xF1;a despu&#xE9;s de la segunda guerra mundial hasta 1958 ...</subfield>
  </datafield>
  <datafield tag="650" ind1=" " ind2=" ">
    <subfield code="a">Haciendas</subfield>
    <subfield code="9">6478</subfield>
  </datafield>
  <datafield tag="650" ind1=" " ind2=" ">
    <subfield code="a">Agricultura</subfield>
    <subfield code="9">320</subfield>
  </datafield>
  <datafield tag="650" ind1=" " ind2=" ">
    <subfield code="a">Producci&#xF3;n</subfield>
    <subfield code="9">1785</subfield>
  </datafield>
  <datafield tag="942" ind1=" " ind2=" ">
    <subfield code="2">ddc</subfield>
    <subfield code="c">LIBROS</subfield>
  </datafield>
  <datafield tag="945" ind1=" " ind2=" ">
    <subfield code="a">afb</subfield>
    <subfield code="d">2019-02-27</subfield>
  </datafield>
  <datafield tag="952" ind1=" " ind2=" ">
    <subfield code="0">0</subfield>
    <subfield code="2">ddc</subfield>
    <subfield code="4">0</subfield>
    <subfield code="7">0</subfield>
    <subfield code="a">SH</subfield>
    <subfield code="b">SH</subfield>
    <subfield code="c">CART</subfield>
    <subfield code="d">2019-02-27</subfield>
    <subfield code="g">26.00</subfield>
    <subfield code="o">985.072 / G92</subfield>
    <subfield code="p">SH0000002135</subfield>
    <subfield code="r">2019-02-27</subfield>
    <subfield code="y">LIBROS</subfield>
  </datafield>
  <datafield tag="952" ind1=" " ind2=" ">
    <subfield code="0">0</subfield>
    <subfield code="2">ddc</subfield>
    <subfield code="4">0</subfield>
    <subfield code="7">0</subfield>
    <subfield code="a">SH</subfield>
    <subfield code="b">SH</subfield>
    <subfield code="c">CART</subfield>
    <subfield code="d">2019-03-04</subfield>
    <subfield code="g">26.00</subfield>
    <subfield code="o">985.072 / G92 / e.2</subfield>
    <subfield code="p">SH0000002804</subfield>
    <subfield code="r">2019-03-04</subfield>
    <subfield code="y">LIBROS</subfield>
  </datafield>
</record>
